| 000 | 00000nam 2200000zi 4500 |
| 001 | 9.900908 |
| 003 | CaOODSP |
| 005 | 20221107175533 |
| 006 | m o d f |
| 007 | cr |n||||||||| |
| 008 | 210618s2021 onc ob f|0| 0 eng d |
| 040 | |aCaOODSP|beng|erda|cCaOODSP |
| 043 | |an-cn--- |
| 086 | 1 |aXC73-1/1-432-3E-PDF |
| 110 | 1 |aCanada. |bParliament. |bHouse of Commons. |bStanding Committee on Access to Information, Privacy and Ethics, |eauthor, |eissuing body. |
| 245 | 10|aEnsuring the protection of privacy and reputation on platforms such as Pornhub / |cChris Warkentin, chair. |
| 264 | 1|a[Ottawa] : |bHouse of Commons, Canada = Chambre des communes, Canada, |c2021. |
| 300 | |a1 online resource (viii, 57 pages) |
| 336 | |atext|btxt|2rdacontent |
| 337 | |acomputer|bc|2rdamedia |
| 338 | |aonline resource|bcr|2rdacarrier |
| 490 | 1 |aReport of the Standing Committee on Access to Information, Privacy and Ethics ; |v3rd report, 43rd Parliament, 2nd session |
| 500 | |aIssued also in French under title: Assurer la protection de la vie privée et de la réputation sur les plateformes comme Pornhub. |
| 500 | |aIssued also in HTML format. |
| 500 | |a"June 2021." |
| 504 | |aIncludes bibliographical references. |
| 520 | |a"Recent reports regarding the presence of child sexual abuse material (CSAM) and other non-consensual content on the adult platform Pornhub led the House of Commons Standing Committee on Access to Information, Privacy and Ethics (the Committee) to undertake a study on the protection of privacy and reputation on online platforms such as Pornhub. This study gave the Committee a window into the world of adult websites and how their content moderation practices have failed to protect the privacy and reputation of individuals online"--Summary, page 1. |
| 650 | 0|aChild sexual abuse|xLaw and legislation|zCanada. |
| 650 | 0|aInternet pornography|xLaw and legislation|zCanada. |
| 650 | 0|aPrivacy, Right of|zCanada. |
| 700 | 1 |aWarkentin, Chris,|d1978- |
| 775 | 08|tAssurer la protection de la vie privée et de la réputation sur les plateformes comme Pornhub / |w(CaOODSP)9.900909 |
| 830 | #0|aReport of the Standing Committee on Access to Information, Privacy and Ethics ;|v3rd report, 43rd Parliament, 2nd session.|w(CaOODSP)9.507060 |
| 856 | 40|qPDF|s3.10 MB|uhttps://publications.gc.ca/collections/collection_2021/parl/xc73-1/XC73-1-1-432-3-eng.pdf |
| 856 | 4 |qHTML|sN/A|uhttps://www.ourcommons.ca/DocumentViewer/en/43-2/ETHI/report-3/ |